| 000 | 00721nam a2200229 i 4500 | ||
|---|---|---|---|
| 001 | 142726 | ||
| 003 | ES-MaACL | ||
| 005 | 20250813111917.0 | ||
| 007 | t| | ||
| 008 | 071009s1972 sp |||| | spa d | ||
| 080 | _a1:001 | ||
| 100 | 1 |
_aVidal, Enrique. _9114422 |
|
| 245 | 1 | 3 |
_aLa ciencia y la universidad socializada _b: apéndice, Marcuse y los movimientos estudiantiles / _cEnrique Vidal. |
| 260 |
_a[Madrid : _bDossat, _c1972] |
||
| 300 |
_a132 p. ; _c19 cm. |
||
| 600 | 0 | 4 |
_aMarcuse, Herbert, _d1898-1979 _976559 |
| 650 | 1 | 4 |
_aCiencia- _zEspaña _910941 |
| 650 |
_aCiencia- _xFilosofía. _910950 |
||
| 650 |
_aEnseñanza superior. _912317 |
||
| 852 |
_aES-MaACL _jC-45314 |
||
| 999 |
_c142726 _d142726 |
||